MANUAL OF PRACTICAL MEDICINE (Record no. 6567)

MARC details
000 -LEADER
fixed length control field 00345nam a2200145Ia 4500
008 - FIXED-LENGTH DATA ELEMENTS--GENERAL INFORMATION
fixed length control field 150301s2014 xx 000 0 und d
082 ## - DEWEY DECIMAL CLASSIFICATION NUMBER
Classification number 610
Item number M14A
100 ## - MAIN ENTRY--PERSONAL NAME
Personal name ALAGAPPAN, R.
245 ## - TITLE STATEMENT
Title MANUAL OF PRACTICAL MEDICINE
250 ## - EDITION STATEMENT
Edition statement 5TH
260 ## - PUBLICATION, DISTRIBUTION, ETC. (IMPRINT)
Name of publisher, distributor, etc. JAYPEE
Place of publication, distribution, etc. DELHI
Date of publication, distribution, etc. 2014
300 ## - PHYSICAL DESCRIPTION
Extent 1022
650 ## - SUBJECT ADDED ENTRY--TOPICAL TERM
Topical term or geographic name as entry element GENERAL MEDICINE
942 ## - ADDED ENTRY ELEMENTS (KOHA)
Source of classification or shelving scheme Dewey Decimal Classification
Koha item type Books
Koha issues (borrowed), all copies 59
Holdings
Withdrawn status Lost status Source of classification or shelving scheme Damaged status Not for loan Collection code Home library Current library Shelving location Date acquired Source of acquisition Cost, normal purchase price SGTU Bill Number Total Checkouts Full call number Barcode Date last seen Date last checked out Bill Date Koha item type Total Renewals
    Dewey Decimal Classification     MEDICAL SGT Medical Library SGT Medical Library Text Book 02/07/2015 ABC DELHI 850.00 SGTU 4960 20 610 M14A FM6321 18/07/2025 30/12/2024 25/10/2014 Books  
    Dewey Decimal Classification     MEDICAL SGT Medical Library SGT Medical Library Text Book 02/07/2015 ABC DELHI 850.00 SGTU 4960 23 610 M14A FM6322 24/01/2024 15/01/2024 25/10/2014 Books  
    Dewey Decimal Classification     MEDICAL SGT Medical Library SGT Medical Library Text Book 02/07/2015 ABC DELHI 850.00 SGTU 4960 28 610 M14A FM6323 05/08/2025 14/07/2025 25/10/2014 Books 1
    Dewey Decimal Classification     MEDICAL SGT Medical Library SGT Medical Library Text Book 02/07/2015 ABC DELHI 850.00 SGTU 4960 19 610 M14A FM6324 13/01/2026 13/01/2026 25/10/2014 Books  
    Dewey Decimal Classification     MEDICAL SGT Medical Library SGT Medical Library Text Book 02/07/2015 ABC DELHI 850.00 SGTU 4960   610 M14A FM6325 02/07/2015   25/10/2014 Books